[Event "GBR-ch 102nd"]
[Site "Coventry"]
[Date "2015.08.01"]
[Round "6"]
[White "Gower, Sam"]
[Black "Willmoth, Robert"]
[Result "1/2-1/2"]
[WhiteElo "1915"]
[BlackElo "2173"]
[PlyCount "83"]
[EventDate "2015.07.27"]
[EventType "swiss"]
[EventRounds "11"]
[EventCountry "ENG"]
[SourceTitle "CBM 167 Extra"]
[Source "ChessBase"]
[SourceDate "2015.09.14"]
[SourceVersion "1"]
[SourceVersionDate "2015.09.14"]
[SourceQuality "1"]

1. e4 e6 2. d4 d5 3. Nc3 Nf6 4. e5 Nfd7 5. f4 c5 6. Nf3 Nc6 7. Be3 a6 8. Qd2 cxd4 9. Nxd4 Bc5 10. Be2 0-0 11. 0-0 Nxd4 12. Bxd4 Qb6 13. Bxc5 Nxc5 14. Qd4 Nd7 15. Qxb6 Nxb6 16. a4 Bd7 17. a5 Nc8 18. Na4 Rd8 19. Nc5 Rb8 20. Rfd1 Ne7 21. c3 Kf8 22. Kf2 Ke8 23. b4 Bc6 24. g3 Nc8 25. c4 Na7 26. cxd5 Bxd5 27. Bf3 Bxf3 28. Kxf3 Nc6 29. Rxd8+ Nxd8 30. Rb1 Rc8 31. Ne4 Rc2 32. b5 axb5 33. Rxb5 Kd7 34. Nd6 Kc7 35. Ne8+ Kc6 36. Rb6+ Kd7 37. Nd6 Rc6 38. Rb5 Rc7 39. h3 f6 40. Ke4 fxe5 41. fxe5 Ke7 42. Kf4 1/2-1/2

[Event "GBR-ch 102nd"]
[Site "Coventry"]
[Date "2015.07.28"]
[Round "2"]
[White "Gower, Sam"]
[Black "Jones, William EG"]
[Result "0-1"]
[WhiteElo "1915"]
[BlackElo "2115"]
[PlyCount "58"]
[EventDate "2015.07.27"]
[EventType "swiss"]
[EventRounds "11"]
[EventCountry "ENG"]
[SourceTitle "CBM 167 Extra"]
[Source "ChessBase"]
[SourceDate "2015.09.14"]
[SourceVersion "1"]
[SourceVersionDate "2015.09.14"]
[SourceQuality "1"]

1. e4 c5 2. Nf3 d6 3. c4 Nf6 4. Nc3 e5 5. d3 g6 6. h3 Bg7 7. Be2 0-0 8. 0-0 Nc6 9. a3 h6 10. Rb1 Ne8 11. b4 f5 12. Nd5 b6 13. Bd2 Be6 14. Bc3 Nf6 15. Nd2 f4 16. Nf3 Qd7 17. bxc5 bxc5 18. Rb5 Rf7 19. Qa4 Raf8 20. Nh2 g5 21. Rfb1 Qc8 22. Qd1 Kh7 23. Ng4 Nxg4 24. Bxg4 f3 25. Bh5 Bxh3 26. Bxf7 Bxg2 27. Qxf3 Bxf3 28. Ne3 Qh3 29. Rb7 Qh1# 0-1